| 000 | 02824nam0a2200445 4500 | ||
|---|---|---|---|
| 001 | RU\NLR\BIBL_A\022672406 | ||
| 005 | 20260211155529.0 | ||
| 010 | _a978-5-89580-449-0 | ||
| 021 |
_aRU _bАЛ-П-25-00847и _9АЛ-П-25-0171 |
||
| 035 | _a(NLR Aleph) 022672406 | ||
| 090 |
_a13552103 _c13552103 |
||
| 100 | _a20251125d2025 e y0rusy50 ca | ||
| 101 | 0 |
_arus _aeng _deng |
|
| 102 | _aRU | ||
| 105 | _aach z 001zd | ||
| 181 | 0 |
_ai2 _baxxe |
|
| 181 | 0 |
_ab3 _baxxe |
|
| 182 | 0 | _an | |
| 200 | 1 |
_aБорис Кустодиев _eподготовлено к выставке "Борис Кустодиев. Живопись. Графика. Театр", Государственная Третьяковская галерея, Москва, 30 апреля - 28 сентября 2025 _fГосударственная Третьяковская галерея _g[ответственный редактор Т.Л. Карпова _gавторы статей, составители каталога: О.Д. Атрощенко и др.] |
|
| 203 |
_aТекст _aИзображение _bвизуальные _cнепосредственные |
||
| 210 |
_aМосква _cГосударственная Третьяковская галерея _d2025 |
||
| 215 |
_a447 с. _cил., цв. ил., портр., факс. _d27 |
||
| 300 | _aЧасть текста и рез. на англ. яз. | ||
| 320 | _aБиблиогр. в подстроч. примеч. | ||
| 320 | _aУказ. имен: с. 426-429 | ||
| 333 | _a12+ | ||
| 600 | 1 |
_aКустодиев _bБ. М. _gБорис Михайлович _f1878 - 1927 _xВыставки _yМосква, город _z2025 _2nlr_sh2 _3RU\NLR\AUTH\6601765492 |
|
| 601 | 0 | 2 |
_aГосударственная Третьяковская галерея _cМосква, город _xВыставки _z2025 _2nlr_sh2 _3RU\NLR\AUTH\6601761334 |
| 686 | 1 | _aЩ143(2Р=Рус)53-8Кустодиев л62 | |
| 686 | 1 | _aЩ153(2Р=Рус)53-8Кустодиев л62 | |
| 686 | 1 | _aЩ101.3(2Р)-2Москва2Государственная Третьяковская галерея л62 | |
| 702 | 1 |
_aКарпова _bТ. Л. _cд-р искусствоведения _f1960- _gТатьяна Львовна _3RU\NLR\AUTH\770147322 _4340 |
|
| 702 | 1 |
_aКустодиев _bБ. М. _cхудожник _f1878-1927 _gБорис Михайлович _3RU\NLR\AUTH\7740011 _4570 |
|
| 711 | 1 | 2 |
_a"Борис Кустодиев. Живопись, графика, театр", выставка _f2025 _eМосква _3RU\NLR\AUTH\880635454 |
| 712 | 0 | 2 |
_aГосударственная Третьяковская галерея _cМосква _3RU\NLR\AUTH\889967893 _4557 |
| 942 | _cBOOK | ||
| 980 | _aNB | ||